From Trigrams to Transformers and AI: Semantic and Multilingual Search

Salvato in:
Dettagli Bibliografici
Autore principale: Marcinčo, Milan (Autore)
Altri autori: Baťalík, Pavol (Relatore della tesi)
Natura: Manoscritto Libro
Lingua:slovacco
inglese
Pubblicazione: 2025
Soggetti:
Accesso online:http://is.stuba.sk/zp/portal_zp.pl?podrobnosti=175323
Tags: Aggiungi Tag
Nessun Tag, puoi essere il primo ad aggiungerne!!

MARC

LEADER 00000ntm a22000003a 4500
001 stuzp102816
003 SK-STU
005 20250614211450.5
007 ta
008 150427s2015----xo-----f-mn---000-0-slo-d
040 |a STU  |b slo 
041 0 |a eng 
100 1 |a Marcinčo, Milan  |u 070200  |4 aut  |U FIIT Fakulta informatiky a informačných technológií  |T FIIT Ústav informatiky, informačných systémov a softvérového inžinierstva  |X 120845  |U I200  |Y 179  |7 120845 
242 0 1 |a Od Trigramov k Transfomerom a AI: Sémantické a Viacjazyčné Vyhľadávanie  |y slo 
245 1 0 |a From Trigrams to Transformers and AI: Semantic and Multilingual Search 
260 |c 2025 
650 4 |a semantic search  |2 eng 
650 4 |a cross-language information retrieval  |2 eng 
650 4 |a multilingual search  |2 eng 
650 4 |a vyhľadávanie informácií naprieč jazykmi  |2 slo 
650 4 |a viacjazyčné vyhľadávanie  |2 slo 
650 4 |a sémantické vyhľadávanie  |2 slo 
700 1 |a Baťalík, Pavol  |u 070680  |k Z7  |4 ths  |U FIIT Fakulta informatiky a informačných technológií  |T FIIT Slovenská informačná knižnica  |X 110283  |U 070680  |Y 273  |7 110283 
856 4 |u http://is.stuba.sk/zp/portal_zp.pl?podrobnosti=175323